[Event "Guernsey Open 4th"]
[Site "Guernsey"]
[Date "1978.10.15"]
[Round "1"]
[White "Aitken, James Macrae"]
[Black "Sibbing, Harry"]
[Result "0-1"]
[WhiteElo "2168"]
[BlackElo "2150"]
[PlyCount "102"]
[EventDate "1978.10.15"]
[EventType "swiss"]
[EventRounds "7"]
[EventCountry "GCI"]
[SourceTitle "Aitken Book 41"]
[Source "Geoff Chandler"]
[SourceDate "2021.08.30"]
[SourceVersion "1"]
[SourceVersionDate "2021.08.30"]
[SourceQuality "1"]

1. e4 c5 2. Nf3 d6 3. d4 cxd4 4. Nxd4 Nf6 5. Nc3 e6 6. g3 d5 7. e5 Nfd7 8. f4 Nc6 9. Nce2 Nc5 10. Bg2 Be7 11. O-O O-O 12. c3 a5 13. Nxc6 bxc6 14. Nd4 Qc7 15. f5 exf5 16. Nxf5 Bxf5 17. Rxf5 g6 18. Rf1 Qxe5 19. Bh6 Rfe8 20. Qf3 f5 21. g4 Bd6 22. Bf4 Qxf4 23. Qxf4 Bxf4 24. Rxf4 Nd3 25. Rd4 Nxb2 26. gxf5 gxf5 27. Rf1 Re5 28. Rdf4 Rf8 29. Bh3 Nd3 30. R4f3 Nc5 31. Bxf5 Kh8 32. Bc2 Rg5+ 33. Kf2 Rxf3+ 34. Kxf3 Rh5 35. Kg2 Kg7 36. Rf4 h6 37. h4 Re5 38. Kf3 Re6 39. Rg4+ Kf7 40. c4 Rf6+ 41. Ke3 Ke6 42. cxd5+ cxd5 43. h5 Ke5 44. Rg6 d4+ 45. Kd2 Rf2+ 46. Kc1 d3 47. Bd1 Ne4 48. Rxh6 Rxa2 49. Re6+ Kd4 50. Rc6 Ra1+ 51. Kb2 Rxd1 {Source: Aitken Book 41} 0-1

[Event "Guernsey Open 4th"]
[Site "Guernsey"]
[Date "1978.10.15"]
[Round "1"]
[White "Bridges, R"]
[Black "Thurlow, Kevin J"]
[Result "0-1"]
[WhiteElo "1640"]
[BlackElo "2025"]
[PlyCount "62"]
[EventDate "1978.10.15"]
[EventType "swiss"]
[EventRounds "7"]
[EventCountry "GCI"]
[SourceTitle "Thurlow, Kevin"]

1. b4 c6 2. Bb2 a5 3. bxa5 Qxa5 4. e3 Nf6 5. Bxf6 gxf6 6. Be2 Rg8 7. g3 d5 8. Nc3 e5 9. Bh5 Be6 10. Nge2 Nd7 11. d4 Rg5 12. Bf3 Bh3 13. Rg1 e4 14. Bg2 Bxg2 15. Rxg2 Bb4 16. Qd2 Nb6 17. Kf1 Na4 18. Rb1 Bxc3 19. Nxc3 Nxc3 20. Rb3 Nb5 21. Qxa5 Rxa5 22. Rb2 Kd7 23. f4 Rg8 24. f5 Kc7 25. h3 Nc3 26. g4 Rxa2 27. Rxa2 Nxa2 28. c4 Nb4 29. Rb2 Nd3 30. Rc2 Ra8 31. cxd5 Ra1+ 0-1

[Event "Guernsey Open 4th"]
[Site "Guernsey"]
[Date "1978.10.16"]
[Round "2"]
[White "Thurlow, Kevin J"]
[Black "Hanreck, Alan E"]
[Result "0-1"]
[WhiteElo "2025"]
[BlackElo "2255"]
[PlyCount "58"]
[EventDate "1978.10.15"]
[EventType "swiss"]
[EventRounds "7"]
[EventCountry "GCI"]
[SourceTitle "Thurlow, Kevin"]

1. c4 Nf6 2. Nc3 e6 3. g3 Bb4 4. Bg2 c5 5. e3 O-O 6. Nge2 Nc6 7. O-O d6 8. d4 Qe7 9. a3 Ba5 10. Bd2 Bd7 11. d5 Ne5 12. b3 Bxc3 13. Nxc3 exd5 14. cxd5 b5 15. e4 c4 16. f4 Nd3 17. e5 dxe5 18. d6 Qxd6 19. Bxa8 Qc5+ 20. Kg2 Rxa8 21. fxe5 Bc6+ 22. Kh3 Nf2+ 23. Rxf2 Qxf2 24. exf6 Rd8 25. Ra2 Qg2+ 26. Kg4 Bf3+ 27. Qxf3 h5+ 28. Kf4 g5+ 29. Ke4 Re8+ 0-1

[Event "Guernsey Open 4th"]
[Site "Guernsey"]
[Date "1978.10.16"]
[Round "2"]
[White "Richards->Chataway, Olive Cecily"]
[Black "Aitken, James Macrae"]
[Result "0-1"]
[WhiteElo "1672"]
[BlackElo "2168"]
[PlyCount "78"]
[EventDate "1978.10.15"]
[EventType "swiss"]
[EventRounds "7"]
[EventCountry "GCI"]
[SourceTitle "Aitken Book 41"]
[Source "Geoff Chandler"]
[SourceDate "2021.08.30"]
[SourceVersion "1"]
[SourceVersionDate "2021.08.30"]
[SourceQuality "1"]

1. e4 e5 2. Nf3 Nc6 3. Bb5 a6 4. Ba4 Nf6 5. O-O b5 6. Bb3 d6 7. h3 Na5 8. d4 Nxb3 9. axb3 exd4 10. Nxd4 Bd7 11. Re1 Be7 12. Bf4 O-O 13. Nc3 Re8 14. Nd5 Nxd5 15. exd5 Bf6 16. Qd3 Be5 17. Bxe5 dxe5 18. Nf3 f6 19. c4 Qe7 20. Nd4 Qc5 21. Nc2 Qd6 22. Rad1 Rab8 23. Qc3 c5 24. Ne3 b4 25. Qc2 e4 26. Nf1 f5 27. Re3 Re7 28. Rde1 f4 29. R3e2 Bxh3 30. gxh3 Qg6+ 31. Kh2 f3 32. Ng3 fxe2 33. Qxe2 Rbe8 34. Qe3 Qd6 35. Kg2 Re5 36. Re2 h5 37. Kf1 h4 38. Nh1 Rf8 39. Ke1 Rf3 {Source: Aitken Book 41} 0-1

[Event "Guernsey Open 4th"]
[Site "Guernsey"]
[Date "1978.10.17"]
[Round "3"]
[White "Needham, Teresa M"]
[Black "Thurlow, Kevin J"]
[Result "0-1"]
[WhiteElo "1840"]
[BlackElo "2025"]
[PlyCount "54"]
[EventDate "1978.10.15"]
[EventType "swiss"]
[EventRounds "7"]
[EventCountry "GCI"]
[SourceTitle "Thurlow, Kevin"]

1. e4 c5 2. Nf3 e6 3. d4 cxd4 4. Nxd4 Bc5 5. Nb3 Bb6 6. c4 Ne7 7. Nc3 f5 8. Bd3 O-O 9. c5 Bc7 10. Nb5 d5 11. exd5 Nxd5 12. Bc4 Re8 13. Nxc7 Qxc7 14. O-O Nf6 15. Qf3 Kh8 16. Re1 Nc6 17. Be3 e5 18. Bb5 Bd7 19. Rad1 f4 20. Bd2 Bg4 21. Qc3 Bxd1 22. Rxd1 Ne4 23. Qc2 Nxd2 24. Nxd2 Nd4 25. Qa4 Nxb5 26. Qxb5 Red8 27. Qb4 Rd4 0-1

[Event "Guernsey Open 4th"]
[Site "Guernsey"]
[Date "1978.10.17"]
[Round "3"]
[White "Aitken, James Macrae"]
[Black "Pritchard, Gilbert Leslie"]
[Result "1-0"]
[WhiteElo "2168"]
[BlackElo "1840"]
[PlyCount "77"]
[EventDate "1978.10.15"]
[EventType "swiss"]
[EventRounds "7"]
[EventCountry "GCI"]
[SourceTitle "Aitken Book 41"]
[Source "Geoff Chandler"]
[SourceDate "2021.08.30"]
[SourceVersion "1"]
[SourceVersionDate "2021.08.30"]
[SourceQuality "1"]

1. e4 e5 2. Nf3 Nc6 3. Bb5 a6 4. Ba4 Nf6 5. O-O b5 6. Bb3 Be7 7. d4 d6 8. c3 Bg4 9. Be3 Qd7 10. dxe5 Nxe5 11. Nxe5 dxe5 12. f3 Be6 13. Nd2 O-O 14. Qe2 Bd6 15. Bxe6 Qxe6 16. a4 c6 17. c4 Rab8 18. axb5 axb5 19. Ra6 Rfc8 20. Rfa1 Nd7 21. cxb5 cxb5 22. Qd3 Nb6 23. Rxb6 Rxb6 24. Bxb6 Qe7 25. Qd5 h5 26. Ra8 Rxa8 27. Qxa8+ Kh7 28. Qd5 Bb4 29. Nb3 Qe8 30. Bc5 Be1 31. Nc1 f6 32. Nd3 Bh4 33. f4 Qg6 34. Bf2 Qg4 35. Bxh4 Qd1+ 36. Ne1 Qg4 37. Bf2 g6 38. fxe5 f5 39. Qf7+ {Source: Aitken Book 41} 1-0

[Event "Guernsey Open 4th"]
[Site "Guernsey"]
[Date "1978.10.18"]
[Round "4"]
[White "Truelsen, D"]
[Black "Aitken, James Macrae"]
[Result "1-0"]
[WhiteElo "2011"]
[BlackElo "2168"]
[PlyCount "100"]
[EventDate "1978.10.15"]
[EventType "swiss"]
[EventRounds "7"]
[EventCountry "GCI"]
[SourceTitle "Aitken Book 41"]
[Source "Geoff Chandler"]
[SourceDate "2021.08.30"]
[SourceVersion "1"]
[SourceVersionDate "2021.08.30"]
[SourceQuality "1"]

1. c4 e5 2. Nc3 Nf6 3. g3 d5 4. cxd5 Nxd5 5. Bg2 Nb6 6. d3 Be7 7. Be3 O-O 8. b3 c6 9. Nf3 Bb4 10. Bd2 Nd5 11. Qc2 f6 12. O-O Nxc3 13. Bxc3 Bxc3 14. Qxc3 Qe7 15. b4 Na6 16. a3 Nc7 17. Rac1 Be6 18. e3 Rfd8 19. Rfd1 a5 20. bxa5 Nb5 21. Qb4 Qd6 22. Qxd6 Rxd6 23. a4 Nc7 24. Rb1 Bc8 25. d4 exd4 26. Nxd4 Kf7 27. Nb3 Rxd1+ 28. Rxd1 Ne6 29. f4 g6 30. e4 Ke7 31. Kf2 Nd8 32. Rb1 Be6 33. Nc5 Rxa5 34. Nxe6 Kxe6 35. Rd1 Ke7 36. Rd4 Ne6 37. Rc4 Nc5 38. Ke3 Nxa4 39. Kd4 c5+ 40. Ke3 b5 41. Rc1 c4 42. Kd4 Ra7 43. Bf1 Rd7+ 44. Ke3 Nc5 45. Rb1 Nb3 46. Be2 Nd4 47. Bf1 Nc2+ 48. Kf3 Na3 49. Rc1 b4 50. Ke3 b3 {Source: Aitken Book 41} 1-0

[Event "Guernsey Open 4th"]
[Site "Guernsey"]
[Date "1978.10.18"]
[Round "4"]
[White "Parr, David"]
[Black "Ingenerf, Stefan"]
[Result "1-0"]
[WhiteElo "2384"]
[BlackElo "2200"]
[PlyCount "57"]
[EventDate "1978.10.15"]
[EventType "swiss"]
[EventRounds "7"]
[EventCountry "GCI"]
[SourceTitle "BritBase"]
[Source "John Saunders"]
[SourceDate "1997.08.31"]
[SourceVersion "1"]
[SourceVersionDate "1997.08.31"]
[SourceQuality "1"]

1. e4 d6 2. d4 Nf6 3. Nc3 g6 4. Nf3 Bg7 5. Be2 O-O 6. O-O Bg4 7. Be3 Nc6 8. Nd2 Bxe2 9. Qxe2 e5 10. d5 Ne7 11. a4 c6 12. dxc6 bxc6 13. Nc4 Nc8 14. Rfd1 Qe7 15. Rd2 Ne8 16. f3 Rb8 17. Rad1 Qc7 18. Bc5 Bh6 19. Rd3 Bg5 20. Ba3 Be7 21. Kh1 Rb7 22. a5 Qb8 23. Na4 Rc7 24. Rb3 Qa8 25. a6 f6 26. Na5 Rf7 27. Rb7 Bd8 28. Qc4 c5 29. Qb5 {Source: BCM, Jan 1979, 32} 1-0

[Event "Guernsey Open 4th"]
[Site "Guernsey"]
[Date "1978.10.18"]
[Round "4"]
[White "Thurlow, Kevin J"]
[Black "Van der Gaag, Cornelis"]
[Result "1/2-1/2"]
[WhiteElo "2025"]
[BlackElo "1880"]
[PlyCount "78"]
[EventDate "1978.10.15"]
[EventType "swiss"]
[EventRounds "7"]
[EventCountry "GCI"]
[SourceTitle "Thurlow, Kevin"]

1. e4 c6 2. d4 d5 3. Nc3 dxe4 4. Nxe4 Nd7 5. Nf3 Ngf6 6. Ng3 e6 7. Bd3 c5 8. O-O cxd4 9. Nxd4 Bc5 10. Nb3 Be7 11. Qe2 O-O 12. Rd1 Re8 13. c4 b6 14. Bf4 Bb7 15. Be5 Qc8 16. Bc3 Qc6 17. f3 Rad8 18. Ne4 Nxe4 19. Bxe4 Qc7 20. Rac1 Bxe4 21. Qxe4 Bf6 22. Bxf6 Nxf6 23. Qe2 Rxd1+ 24. Rxd1 Rd8 25. Rxd8+ Qxd8 26. Qd2 Qxd2 27. Nxd2 Kf8 28. Kf2 Ke7 29. b4 Kd6 30. Ke3 Nd7 31. Ne4+ Ke7 32. Kd4 f5 33. Nc3 a6 34. c5 bxc5+ 35. bxc5 Nb8 36. Ne2 Nc6+ 37. Kc4 Na5+ 38. Kb4 Nc6+ 39. Kc4 Na5+ 1/2-1/2

[Event "Guernsey Open 4th"]
[Site "Guernsey"]
[Date "1978.10.18"]
[Round "4"]
[White "Robinson, Peter"]
[Black "Andersen, Jan Ivan"]
[Result "0-1"]
[WhiteElo "1984"]
[BlackElo "2313"]
[PlyCount "54"]
[EventDate "1978.10.15"]
[EventType "swiss"]
[EventRounds "7"]
[EventCountry "GCI"]
[SourceTitle "StarBase 4.56"]
[SourceDate "2004.11.04"]
[SourceVersion "1"]
[SourceVersionDate "2004.11.04"]
[SourceQuality "2"]

1. e4 c5 2. Nf3 e6 3. d4 cxd4 4. Nxd4 Nf6 5. Nc3 Nc6 6. Ndb5 d6 7. Bf4 e5 8. Bg5 a6 9. Na3 b5 10. Bxf6 gxf6 11. Nd5 f5 12. c3 Bg7 13. Bd3 O-O 14. Qh5 fxe4 15. Bxe4 f5 16. Bc2 Be6 17. Rd1 b4 18. Nc4 bxc3 19. bxc3 Nd4 20. cxd4 Bxd5 21. Ne3 Qa5+ 22. Kf1 Be4 23. Bb3+ Kh8 24. dxe5 Bxe5 25. f3 Qc3 26. Nd5 Bd3+ 27. Kf2 Qb2+ {Source: StarBase 4.56} 0-1

[Event "Guernsey Open 4th"]
[Site "Guernsey"]
[Date "1978.10.19"]
[Round "5"]
[White "Temmink, Henk H"]
[Black "Aitken, James Macrae"]
[Result "1-0"]
[WhiteElo "2203"]
[BlackElo "2168"]
[PlyCount "147"]
[EventDate "1978.10.15"]
[EventType "swiss"]
[EventRounds "7"]
[EventCountry "GCI"]
[SourceTitle "Aitken Book 41"]
[Source "Geoff Chandler"]
[SourceDate "2021.08.30"]
[SourceVersion "1"]
[SourceVersionDate "2021.08.30"]
[SourceQuality "1"]

1. c4 e5 2. Nc3 Nf6 3. g3 d5 4. cxd5 Nxd5 5. Bg2 Nb6 6. Nf3 Nc6 7. O-O Be7 8. d3 O-O 9. a3 Be6 10. b4 a6 11. Bb2 f6 12. Na4 Nxa4 13. Qxa4 Qe8 14. Qc2 Qf7 15. Rac1 Bb3 16. Qb1 Ba2 17. Qa1 Bd5 18. e4 Be6 19. d4 exd4 20. Nxd4 Nxd4 21. Bxd4 Bc4 22. Rfe1 Rad8 23. f4 c6 24. Qc3 Be6 25. Bf1 g6 26. f5 gxf5 27. exf5 Bd5 28. Bd3 Rde8 29. Re3 Bd6 30. Rce1 Rxe3 31. Rxe3 Re8 32. Qe1 Rxe3 33. Qxe3 Qe7 34. Qxe7 Bxe7 35. Bc5 Kf7 36. Kf2 Bd8 37. Ke3 Bc7 38. a4 Bb3 39. a5 Bd5 40. Be2 Be5 41. Bh5+ Kg7 42. Be8 Kh6 43. h4 Kg7 44. Kf2 Be4 45. Bd7 Kf7 46. Bc8 Bd3 47. Bxb7 Bb5 48. Bc8 Bc4 49. g4 Bf4 50. Bb7 Bb5 {First time control} 51. Be3 Bd6 52. Bd2 c5 53. Bd5+ Kg7 54. bxc5 Bxc5+ 55. Kf3 h6 {Sealed move, game resumed on 20/10/978} 56. Bc3 Bd3 57. Be6 Bb5 58. g5 Bc6+ 59. Kg4 hxg5 60. hxg5 Be7 61. Bc4 Bb7 62. Kf4 Bd6+ 63. Ke3 Be7 64. Bd4 Bd8 65. gxf6+ Bxf6 66. Bxf6+ Kxf6 67. Kd4 Kxf5 68. Kc5 Ke5 69. Kb6 Bg2 70. Bxa6 Kd6 71. Bb5 Bh3 72. a6 Bg2 73. a7 Ba8 74. Ba6 {Source: Aitken Book 41} 1-0

[Event "Guernsey Open 4th"]
[Site "Guernsey"]
[Date "1978.10.19"]
[Round "5"]
[White "Bakker, Piet G"]
[Black "Thurlow, Kevin J"]
[Result "1-0"]
[WhiteElo "2320"]
[BlackElo "2025"]
[PlyCount "265"]
[EventDate "1978.10.15"]
[EventType "swiss"]
[EventRounds "7"]
[EventCountry "GCI"]
[SourceTitle "Thurlow, Kevin"]

1. e4 e5 2. Nf3 Nf6 3. Nc3 Nc6 4. Bb5 d6 5. d4 exd4 6. Qxd4 Bd7 7. Bxc6 Bxc6 8. Bg5 Be7 9. O-O-O O-O 10. Rhe1 Ng4 11. Bxe7 Qxe7 12. e5 Nxe5 13. Nxe5 dxe5 14. Rxe5 Qf6 15. Nd5 Bxd5 16. Rxd5 Qh6+ 17. Kb1 Qxh2 18. g4 Qh6 19. Rh5 Qg6 20. f4 Rae8 21. Rdh1 Re4 22. Qd2 f5 23. gxf5 Rxf5 24. Rxf5 Qxf5 25. Qd8+ Kf7 26. Qxc7+ Re7 27. Qb8 Qe4 28. Rc1 a6 29. a3 Qc6 30. f5 Qc7 31. Qh8 Qh2 32. Qd8 Qe5 33. Rf1 Qb5 34. Qd1 Re5 35. Qf3 Kf6 36. a4 Qe2 37. Qf4 Qe4 38. Qd2 Rxf5 39. Qd6+ Qe6 40. Qf8+ Kg6 41. Rg1+ Rg5 42. Rxg5+ Kxg5 43. Qxg7+ Qg6 44. Qxb7 h5 45. b4 Qd6 46. Qg2+ Kf5 47. Qh3+ Kg5 48. Qe3+ Kg4 49. Qe4+ Kg3 50. b5 axb5 51. axb5 h4 52. Qe3+ Kg2 53. Qg5+ Kh3 54. Ka2 Qb4 55. Qe3+ Kg2 56. Qb3 Qa5+ 57. Kb2 h3 58. Qd5+ Kg1 59. Qd4+ Kg2 60. Qe4+ Kg1 61. Qg4+ Kf2 62. Qxh3 Qxb5+ 63. Qb3 Qe5+ 64. c3 Kf1 65. Qd1+ Kg2 66. Qd3 Kh1 67. Kc1 Qf4+ 68. Kd1 Qg4+ 69. Qe2 Qa4+ 70. Ke1 Qh4+ 71. Kd2 Qf4+ 72. Qe3 Qf2+ 73. Qe2 Qf4+ 74. Kc2 Qf5+ 75. Kb3 Qb1+ 76. Kc4 Qb6 77. Qh5+ Kg2 78. Qb5 Qc7+ 79. Kb3 Qg3 80. Qc6+ Kh3 81. Ka4 Qg4+ 82. c4 Qd1+ 83. Kb5 Qb3+ 84. Ka6 Qa2+ 85. Kb7 Qb2+ 86. Kc7 Qe5+ 87. Qd6 Qa5+ 88. Kd7 Qa4+ 89. Qc6 Qa7+ 90. Kc8 Qa2 91. c5 Qg8+ 92. Kc7 Qc4 93. Qd7+ Kh2 94. c6 Kg3 95. Qd6+ Kh3 96. Kc8 Qa6+ 97. Kd8 Qa8+ 98. Ke7 Qh8 99. Qd3+ Kg2 100. Qc2+ Kh1 101. Qc1+ Kg2 102. Qd2+ Kh1 103. Qd5+ Kg1 104. c7 Qg7+ 105. Kd6 Qf6+ 106. Kd7 Qg7+ 107. Kc6 Qf6+ 108. Kb7 Qb2+ 109. Ka6 Qf6+ 110. Ka7 Qa1+ 111. Kb6 Qb2+ 112. Qb5 Qf6+ 113. Kb7 Qe7 114. Qb1+ Kg2 115. Qc2+ Kh1 116. Qc1+ Kg2 117. Kc6 Qe6+ 118. Kb5 Qd5+ 119. Kb4 Qb7+ 120. Ka3 Qa6+ 121. Kb2 Qb7+ 122. Ka1 Qa6+ 123. Kb1 Qc8 124. Qc2+ Kh1 125. Kc1 Kg1 126. Qd1+ Kg2 127. Qd8 Qa6 128. c8=Q Qa3+ 129. Kd2 Qb4+ 130. Qc3 Qf4+ 131. Kc2 Qe4+ 132. Qdd3 Qa4+ 133. Kb2 1-0

[Event "Guernsey Open 4th"]
[Site "Guernsey"]
[Date "1978.10.20"]
[Round "6"]
[White "Thurlow, Kevin J"]
[Black "Barnard, Paul E"]
[Result "1/2-1/2"]
[WhiteElo "2025"]
[BlackElo "1905"]
[PlyCount "40"]
[EventDate "1978.10.15"]
[EventType "swiss"]
[EventRounds "7"]
[EventCountry "GCI"]
[SourceTitle "Thurlow, Kevin"]

1. c4 Nf6 2. Nc3 g6 3. d4 d5 4. cxd5 Nxd5 5. e4 Nxc3 6. bxc3 Bg7 7. Bc4 c5 8. Ne2 O-O 9. O-O Nc6 10. Be3 Qc7 11. Qc2 Na5 12. Bb3 Bd7 13. dxc5 Nc6 14. Rad1 Rac8 15. Rd2 Ne5 16. Bf4 Bc6 17. Rfd1 Qa5 18. Nd4 Qxc5 19. Nxc6 Qxc6 20. Rd5 Nc4 1/2-1/2

[Event "Guernsey Open 4th"]
[Site "Guernsey"]
[Date "1978.10.20"]
[Round "6"]
[White "Aitken, James Macrae"]
[Black "Bakker, Piet G"]
[Result "1/2-1/2"]
[WhiteElo "2168"]
[BlackElo "2320"]
[PlyCount "30"]
[EventDate "1978.10.15"]
[EventType "swiss"]
[EventRounds "7"]
[EventCountry "GCI"]
[SourceTitle "Aitken Book 41"]
[Source "Geoff Chandler"]
[SourceDate "2021.08.30"]
[SourceVersion "1"]
[SourceVersionDate "2021.08.30"]
[SourceQuality "1"]

1. e4 c6 2. d4 d5 3. Nc3 dxe4 4. Nxe4 Nd7 5. Nf3 Ngf6 6. Nxf6+ Nxf6 7. Bd3 Bg4 8. c3 e6 9. Bf4 Bd6 10. Bxd6 Qxd6 11. h3 Bh5 12. Be2 O-O 13. Ne5 Bxe2 14. Qxe2 c5 15. dxc5 Qxc5 {"I felt I could not lose a third game to a Dutchman!" (quipped Aitken in his scorebook) Source: Aitken Book 41} 1/2-1/2

[Event "Guernsey Open 4th"]
[Site "Guernsey"]
[Date "1978.10.20"]
[Round "6"]
[White "Hanreck, Alan E"]
[Black "Parr, David"]
[Result "1-0"]
[WhiteElo "2255"]
[BlackElo "2384"]
[PlyCount "31"]
[EventDate "1978.10.15"]
[EventType "swiss"]
[EventRounds "7"]
[EventCountry "GCI"]
[SourceTitle "Andy Ansel"]
[SourceDate "2015.08.01"]
[SourceVersion "1"]
[SourceVersionDate "2015.08.01"]
[SourceQuality "1"]

1. c4 Nf6 2. g3 d6 3. Bg2 g6 4. Nc3 Bg7 5. e4 O-O 6. Nge2 e5 7. O-O Nbd7 8. Rb1 Nc5 9. d3 a5 10. f4 Bd7 11. h3 Qe7 12. Be3 b6 13. Qd2 exf4 14. Rxf4 Rae8 15. Rbf1 Ne6 $4 16. Rxf6 {source: 1973-80 Channel Islands Chess by Martin and O'Brien.} 1-0

[Event "Guernsey Open 4th"]
[Site "Guernsey"]
[Date "1978.10.21"]
[Round "7"]
[White "Kemp, DJ"]
[Black "Aitken, James Macrae"]
[Result "1/2-1/2"]
[WhiteElo "1920"]
[BlackElo "2168"]
[PlyCount "109"]
[EventDate "1978.10.15"]
[EventType "swiss"]
[EventRounds "7"]
[EventCountry "GCI"]
[SourceTitle "Aitken Book 41"]
[Source "Geoff Chandler"]
[SourceDate "2021.08.30"]
[SourceVersion "1"]
[SourceVersionDate "2021.08.30"]
[SourceQuality "1"]

1. d4 Nf6 2. Nf3 c5 3. d5 e6 4. dxe6 fxe6 5. c4 Nc6 6. Nc3 d5 7. cxd5 exd5 8. e3 Be7 9. Bd3 O-O 10. O-O Bg4 11. h3 Bh5 12. g4 Be8 13. Bf5 Bd7 14. Nh4 d4 15. Qb3+ Kh8 16. exd4 Nxd4 17. Qd1 Bxf5 18. Nxf5 Nxf5 19. gxf5 Qc8 20. Qf3 Ng8 21. Be3 Rxf5 22. Qg3 Rf6 23. Kh2 Rg6 24. Qf3 Bd6+ 25. Kh1 Qe6 26. Rg1 Qe5 27. Rg2 Rxg2 28. Qxg2 Re8 29. Rd1 Ne7 30. Qg3 Qxg3 31. fxg3 Nc8 32. Bf2 b6 33. Kg2 Kg8 34. Nb5 Be5 35. b3 a6 36. Na3 Nd6 37. Nc4 Nxc4 38. bxc4 Kf7 39. g4 Ke6 40. Bg3 Bd4 41. Rb1 Kd7 42. Rxb6 Re2+ 43. Kf3 Rxa2 44. Bd6 Ra3+ 45. Ke4 Bg1 46. Bf8 g6 47. Rb7+ Kc6 48. Rxh7 Re3+ 49. Kf4 Re8 50. Bh6 Re6 51. Kf3 Kb6 52. Bg5 a5 53. Rh8 Ka7 54. Rh7+ Ka6 55. Rh8 {Source: Aitken Book 41} 1/2-1/2

[Event "Guernsey Open 4th"]
[Site "Guernsey"]
[Date "1978.10.21"]
[Round "7"]
[White "Troeger, Paul"]
[Black "Hanreck, Alan E"]
[Result "1-0"]
[WhiteElo "2350"]
[BlackElo "2255"]
[PlyCount "59"]
[EventDate "1978.10.15"]
[EventType "swiss"]
[EventRounds "7"]
[EventCountry "GCI"]
[SourceTitle "Andy Ansel"]
[SourceDate "2015.08.01"]
[SourceVersion "1"]
[SourceVersionDate "2015.08.01"]
[SourceQuality "1"]

1. d4 Nf6 2. Nf3 e6 3. Nbd2 c5 4. e3 b6 5. Bd3 Bb7 6. c3 d5 7. Qe2 Be7 8. O-O O-O 9. e4 dxe4 10. Nxe4 Nbd7 11. Neg5 h6 12. Ne4 Qc7 13. dxc5 Nxc5 14. Nxc5 Bxc5 15. Ne5 Rad8 16. Bf4 Bd6 17. Rad1 Nd5 18. Bg3 Qe7 19. Rfe1 Bb8 20. Bb1 Rfe8 21. Qc2 f5 22. Nf3 Nf4 23. Nd4 Qf6 24. Qa4 a6 25. Bxf4 Bxf4 26. Nxe6 Bxh2+ 27. Kxh2 b5 28. Rxd8 bxa4 29. Rxe8+ Kh7 30. Nf8+ {source: 1973-80 Channel Islands Chess by Martin and O'Brien.} 1-0

[Event "Guernsey Open 4th"]
[Site "Guernsey"]
[Date "1978.10.21"]
[Round "7"]
[White "Beelaerts van Blokland, M"]
[Black "Thurlow, Kevin J"]
[Result "0-1"]
[WhiteElo "1720"]
[BlackElo "2025"]
[PlyCount "52"]
[EventDate "1978.10.15"]
[EventType "swiss"]
[EventRounds "7"]
[EventCountry "GCI"]
[SourceTitle "Thurlow, Kevin"]

1. d4 Nf6 2. c4 c5 3. Nc3 cxd4 4. Qxd4 Nc6 5. Qd2 e6 6. e3 Bb4 7. a3 Ne4 8. Qc2 Bxc3+ 9. bxc3 f5 10. Nf3 b6 11. Be2 Ba6 12. O-O Na5 13. Bb2 Bxc4 14. Bxc4 Nxc4 15. Rfd1 O-O 16. Nd4 Qf6 17. Rd3 Rac8 18. a4 g5 19. Ba3 Rf7 20. Nb5 d5 21. f3 a6 22. fxe4 fxe4 23. Nd6 exd3 24. Qxd3 Qf2+ 25. Kh1 Nxd6 26. Bxd6 Rxc3 0-1